00790nam a2200253 a 4500001001300000003000900013005001700022008004100039020000800080082001600088100002300104245007200127260002800199300000900227500003500236505005400271650002500325650003900350700002300389902000800412942000700420952009400427999001500521nice12345678IN_TiNIC20260116011839.0050524s1963 lona grp 000 0 eng  ac600a225.09bFUL aFuller, Reginald H aNew Testament in Current Studyb Some Trends in the Year 1941-1962. aLondonbSCM Pressc1963 a159p aincludes index and biblioraphy2 aIndex of Scriptures reference and Index of Author aBible N.T. Criticism aBible N.T. Criticism-Interpretaion1 aFuller, Reginald H bSRS cBK 00104070aHMIbHMId2007-06-19g6.00l0o225.09 FULp05683r2007-06-19w2026-01-16yEB c4409d4409